| 000 | 00507 a2200169 4500 | ||
|---|---|---|---|
| 020 | _a047143809X | ||
| 020 | _a9780471438090 | ||
| 082 | 0 | 4 | _a511.6 |
| 090 |
_c402 _d402 |
||
| 100 | 1 | _aTucker, Alan. | |
| 245 | 1 | 0 |
_aApplied combinatorics / _cAlan Tucker. |
| 250 | _a4th ed. | ||
| 260 |
_a[S.l.] : _bWiley, _c2001. |
||
| 300 |
_a464 p. ; _c25 cm. |
||
| 942 |
_aSNS _cBK _k511.6 TUC |
||
| 999 |
_c29034 _d29034 |
||